000 00752nam a2200253Ia 4500
003 OSt
005 20221005024715.0
006 a|||||r|||| 00| 0
007 ta
008 221004b |||||||| |||| 00| 0 eng d
020 _a9734500929
024 _a18273
037 _cTextual
040 _aCRL
_cCRL
_beng
041 _2eng
_aeng
082 _aV592:191.N37, N4
100 _aTitulescu Nicolae
_9580953
245 0 _aRomania's foreign policy (1937) Edited by George G Potra and Constantin I Turcu
260 _aBucuresti
_bEncyclopaedic Publishing House
_c1994
300 _a403 p.
_ccm.
650 _aROMANIA - HISTORY
_9580954
942 _hV592:191.N37, N4
_cTEXL
_2cc
999 _c933296
_d933296